000 00475nam a2200181Ia 4500
005 20250508161452.0
008 008 250505s9999 xx 000 0 eng d
037 _aTextual
040 _aFEDL
_beng
_cFEDL
041 _aeng
_2eng
084 _aB, HAF
_qFEDL
100 _aHafizuddin Syed
_9770763
245 0 _aSo I became a teacher
260 _aMysore, India
_bKavyalaya Publishers
300 _a109p
942 _cTEXL
_hB, HAF
999 _c1370145
_d1370145